00923nam a22001817a 4500003000900000008004100009040007100050082002300121100003000144245010500174260004200279300004700321505026000368650003200628650002700660650002300687700003100710AR-CdUCM190325b ||||| |||| 00| 0 spa d aMUNICIPALIDAD PROVINCIAL DEL CUSCOcBIBLIOTECA MUNICIPAL DEL CUSCO a373.224985 / bG67 a Gonzales Maruri, Nazario aEl gloriosos colegio nacional de Ciencias del Cusco : bhistoria, cultura y tradición cienciana /  aCusco : bHecho en casa S.C., c2017. a183 páginas ; bfotografías ; c21 cm. aContenido: Los Petroglífos de a Caldera -- Max Uhle y el Estilo o Cultura Juli -- El descubrimiento de Monseñor, Leonidad Bernedo Malaga -- El Nacimiento del Museo de la UNSA -- Dos Acontecimientos Arqueológicos -- La expedición peruano Alemana... aHistoria - Colegio Ciencias aTradiciones - Colegios aColegios del Cusco aGonzales Pichihua, Markoni